000 00799nam a2200289Ia 4500
001 19687
003 IT-RoPAU
008 130308s9999 xx 000 0 und d
040 _aIT-RoPAU
040 _cIT-RoPAU
041 _aITALIANO
100 _aFarioli Elisabetta
100 _gCodice Aut. SPICS: 4633
245 _aGallerie private e promozione dell'informale in Italia
245 _bInformale in Italia (L')-Mostra Dedicata a Francesco Arcangeli
250 _a1a ed.
260 _aMILANO
260 _bMazzotta
260 _c1983 [1° Ed.:1983 - Ed.Ling.Originale:1983]
300 _a"6 p. (prefazione: no ; testo: 6 [pagine: 112-117])"
650 _aSAGGI DI PITTURA
650 _eCodice materia Spics: 5211
942 _cBK
957 _71
999 _c48034
_d48034
999 _bSI
999 _g1